Číslicová regulace technologických procesů : Algoritmy, matematicko-fyzikální analýza, identifikace, adaptace
Salvato in:
| Autori principali: | , , |
|---|---|
| Natura: | Libro |
| Lingua: | ceco |
| Pubblicazione: |
Brno :
VUTIUM,
2000
|
| Soggetti: | |
| Tags: |
Nessun Tag, puoi essere il primo ad aggiungerne!!
|
MARC
| LEADER | 00000nam a22000003a 4500 | ||
|---|---|---|---|
| 001 | stu96310 | ||
| 005 | 20150617225816.6 | ||
| 008 | 051018s2000----xr------------------cze-d | ||
| 020 | |a 80-214-1460-X | ||
| 040 | |a STU |b slo | ||
| 041 | 0 | |a cze | |
| 044 | |a xr | ||
| 080 | |a 004.421.4 | ||
| 080 | |a 681.5 | ||
| 100 | 1 | |a Hanuš, Bořivoj |4 aut | |
| 245 | 1 | |a Číslicová regulace technologických procesů : |b Algoritmy, matematicko-fyzikální analýza, identifikace, adaptace | |
| 260 | |a Brno : |b VUTIUM, |c 2000 | ||
| 300 | |a 316 s | ||
| 650 | 7 | |a regulačná technika |2 stusub | |
| 650 | 7 | |a algoritmy |2 stusub | |
| 700 | 1 | |a Olehla, Miroslav |4 aut | |
| 700 | 1 | |a Modrlák, Osvald |4 aut | |
| 996 | |b 284EK85723 |c E*85723 |l EE30 |s P |a 0 |w stu96310_0001 | ||